Most streamed songs in the 00s - Statistics

General Stats
  • This quiz has been taken 29 times
    26 since last reset
  • The average score is 18 of 30
Answer Stats
Year Artist Streams Answer % Correct
2000 Coldplay 3,405,048,431 Yellow
96%
2003 The Killers 2,864,512,627 Mr. Brightside
87%
2008 Coldplay 3,049,569,541 Viva La Vida
87%
2003 Linkin Park 2,495,756,384 Numb
83%
2006 Shakira ft. Wyclef Jean 2,243,149,087 Hips Don't Lie
78%
2000 Linkin Park 2,872,839,408 In The End
78%
2003 The White Stripes 2,058,040,915 Seven Nation Army
78%
2007 Rihanna ft. Jay-Z 2,036,889,696 Umbrella
78%
2008 Lady Gaga 1,927,248,531 Poker Face
74%
2002 Eminem 2,843,677,249 Without Me
74%
2002 Eminem 2,720,863,729 Lose Yourself
70%
2009 Miley Cyrus 2,031,586,957 Party In The U.S.A.
70%
2009 Black Eyed Peas 1,920,161,466 I Gotta Feeling
65%
2003 50 Cent 1,953,497,840 In Da Club
65%
2002 Coldplay 2,620,666,443 The Scientist
65%
2000 Eminem 2,308,983,868 The Real Slim Shady
61%
2004 Usher ft. Lil Jon & Ludacris 1,842,255,647 Yeah!
61%
2004 Eminem 2,284,017,743 Mockingbird
57%
2008 Beyonce 1,866,511,253 Halo
52%
2008 Kings Of Leon 1,938,640,688 Sex On Fire
48%
2007 Arctic Monkeys 2,521,321,843 505
43%
2001 System Of A Down 1,841,023,413 Chop Suey!
43%
2005 Gorillaz ft. De La Soul 2,081,149,285 Feel Good Inc.
43%
2005 Coldplay 1,957,634,332 Fix You
43%
2008 Jason Mraz 2,283,775,701 I'm Yours
43%
2008 Kanye West 1,803,291,492 Heartless
35%
2009 Train 1,956,462,857 Hey, Soul Sister
35%
2002 Maroon 5 1,889,101,137 She Will Be Loved
35%
2002 Eminem ft. Nate Dogg 2,354,893,657 'Till I Collapse
35%
2004 Keane 2,271,905,094 Somewhere Only We Know
22%
No matching quizzes found
Score Distribution
Percent of People with Each Score
Percentile by Number Answered
Your Score History
You have not taken this quiz since the last reset